00803nam a22002417a 450000500170000001000110001702000110002803500110003903700160005004000120006608200150007810000100009324501990010324600060030226000540030827000120036230000390037450000360041365000250044965000340047470000270050870000260053520170124110241.0 a690559 c300.00 a690559 bCen Lib/Ret aDPLbEN a726.1bBON aBoner aNew light on the Sun temple of Konarka :cby Alice Boner, Sadasiva Rath Sarma [and] Rajindra Prasad DasbFour unpublished manuscripts relating to construction history and ritual of this temple / b  aVaransibChowkhamba Sanskrit Series Office c1972 bVaransi axlvii, 283p. :c28cm(Hb)bill. e  aIncludes appendix and glossary  aPalmleaf manuscript  aHistory of the Monark temple  a Sarma, Sadasiva Rath  aDas, Rajindra Prasad